书目信息 |
| 题名: |
基因组生命之书23章
|
|
| 作者: | 里德利 著 ;尹烨 译 | |
| 分册: | ||
| 出版信息: | 北京 机械工业出版社 2021.02 |
|
| 页数: | X, 378页 | |
| 开本: | 23cm | |
| 丛书名: | ||
| 单 册: | ||
| 中图分类: | Q987 | |
| 科图分类: | ||
| 主题词: | 人类基因--ren lei ji yin--基因组--研究 | |
| 电子资源: | ||
| ISBN: | 978-7-111-67420-7 | |
| 000 | 01320nam0 2200289 450 | |
| 001 | 202021194698 | |
| 005 | 20211025120147.0 | |
| 010 | @a978-7-111-67420-7@dCNY69.00 | |
| 100 | @a20211005d2021 em y0chiy50 ea | |
| 101 | 1 | @achi@ceng |
| 102 | @aCN@b110000 | |
| 105 | @ay a 000yy | |
| 106 | @ar | |
| 200 | 1 | @a基因组生命之书23章@Aji yin zu sheng ming zhi shu 23 zhang@f(英) 马特·里德利著@d= Genome the autobiography of a species in 23 chapters@fMatt Ridley@g尹烨译@zeng |
| 210 | @a北京@c机械工业出版社@d2021.02 | |
| 215 | @aX, 378页@d23cm | |
| 306 | @a由Matt Ridley通过Aandrew Nurnberg Associates International Ltd.授权出版 | |
| 314 | @a马特·里德利, 英国科普作家, 科学家, 拥有子爵头衔的英国上议院议员, 纽卡斯尔英国国际生命中心的创始主席等职。尹烨, 华大基因CEO, 哥本哈根大学博士, 基因组学研究员。 | |
| 320 | @a有书目 (第346-374页) | |
| 330 | @a本书内容包括: 1号染色体 生命 ; 2号染色体 物种 ; 3号染色体 历史 ; 4号染色体 命运 ; 5号染色体 环境 ; 6号染色体 智商 ; 7号染色体 本能 ; X和Y染色体 冲突等。 | |
| 500 | 10 | @aGenome the autobiography of a species in 23 chapters@mChinese |
| 606 | 0 | @a人类基因@Aren lei ji yin@x基因组@x研究 |
| 690 | @aQ987@v5 | |
| 701 | 1 | @a里德利@Ali de li@g(Ridley, Matt)@4著 |
| 702 | 0 | @a尹烨@Ayin ye@4译 |
| 801 | 0 | @aCN@c20210909 |
| 905 | @a河南城建学院图书馆@dQ987@eL350 | |
| 基因组生命之书23章/(英) 马特·里德利著= Genome the autobiography of a species in 23 chapters/Matt Ridley/尹烨译.-北京:机械工业出版社,2021.02 |
| X, 378页;23cm |
| ISBN 978-7-111-67420-7:CNY69.00 |
| 本书内容包括: 1号染色体 生命 ; 2号染色体 物种 ; 3号染色体 历史 ; 4号染色体 命运 ; 5号染色体 环境 ; 6号染色体 智商 ; 7号染色体 本能 ; X和Y染色体 冲突等。 |
| ● |
| 相关链接 |
|
|
|
正题名:基因组生命之书23章
索取号:Q987/L350
 
预约/预借
| 序号 | 登录号 | 条形码 | 馆藏地/架位号 | 状态 | 备注 |
| 1 | 1543930 | 215439309 | 自科库401/401自科库 38排4列3层/ [索取号:Q987/L350] | 在馆 | |
| 2 | 1543931 | 215439318 | 自科库401/401自科库 38排4列3层/ [索取号:Q987/L350] | 在馆 |